[Event "Hessenliga 1921"]
[Site "Hessen"]
[Date "2020.03.01"]
[Round "7.1"]
[White "Kierzek, Matthias"]
[Black "Schoenau, Werner"]
[Result "1/2-1/2"]
[WhiteElo "2186"]
[BlackElo "2216"]
[PlyCount "52"]
[EventDate "2019.09.22"]
[EventType "team-tourn"]
[EventRounds "9"]
[EventCountry "GER"]
[SourceTitle "EXT 2024"]
[Source "ChessBase"]
[SourceDate "2023.10.10"]
[SourceVersion "1"]
[SourceVersionDate "2023.10.10"]
[SourceQuality "1"]
[WhiteTeam "Fulda"]
[BlackTeam "Dettingen"]
[WhiteTeamCountry "GER"]
[BlackTeamCountry "GER"]

1. d4 c5 2. d5 Nf6 3. c4 b5 4. cxb5 a6 5. e3 d6 6. Nc3 g6 7. Nf3 Bg7 8. a4 0-0 9. Be2 Nbd7 10. 0-0 Qc7 11. e4 axb5 12. Bxb5 Ba6 13. Bd2 c4 14. Qe2 Rfc8 15. Bxa6 Rxa6 16. b4 Ng4 17. Ne1 Nge5 18. f4 Nd3 19. Nxd3 cxd3 20. Qxd3 Qa7+ 21. Kh1 Bxc3 22. Bxc3 Rxa4 23. Bd4 Qa8 24. h3 Rb8 25. Bc3 f6 26. Qc2 Rbxb4 1/2-1/2

[Event "Hessenliga 1819"]
[Site "Hessen"]
[Date "2019.03.11"]
[Round "7.1"]
[White "Frolov, Artur"]
[Black "Schoenau, Werner"]
[Result "1-0"]
[WhiteElo "2425"]
[BlackElo "2216"]
[PlyCount "109"]
[EventDate "2018.09.23"]
[EventType "team-tourn"]
[EventRounds "9"]
[EventCountry "GER"]
[SourceTitle "EXT 2020"]
[Source "ChessBase"]
[SourceDate "2019.10.17"]
[SourceVersion "1"]
[SourceVersionDate "2019.10.17"]
[SourceQuality "1"]
[WhiteTeam "Bad Emstal/Wolfhagen"]
[BlackTeam "Dettingen"]
[WhiteTeamCountry "GER"]
[BlackTeamCountry "GER"]

1. e4 c5 2. Nf3 e6 3. d4 cxd4 4. Nxd4 a6 5. g3 b5 6. Bg2 Bb7 7. 0-0 h5 8. h3 Nf6 9. Re1 Qc7 10. Nc3 Nc6 11. Nd5 Nxd5 12. exd5 Nxd4 13. Qxd4 Bc5 14. Qxg7 0-0-0 15. Be3 Bxd5 16. Bxd5 exd5 17. Qxf7 d4 18. Bf4 Qc6 19. Qf5 h4 20. Kh2 Rhg8 21. Qe4 Rdf8 22. Qxc6+ dxc6 23. Re2 Rf5 24. Rd1 Rgf8 25. Kg2 Bb6 26. Re6 Kb7 27. Re7+ Kc8 28. Rde1 R5f7 29. Rxf7 Rxf7 30. Re8+ Kb7 31. Rb8+ Ka7 32. Rh8 hxg3 33. fxg3 c5 34. b3 c4 35. bxc4 bxc4 36. Rc8 d3 37. cxd3 cxd3 38. Rc1 Re7 39. Kf3 Re2 40. Rd1 Rxa2 41. Rxd3 a5 42. g4 a4 43. Bd6 Ka6 44. g5 Rf2+ 45. Ke4 Bd8 46. g6 Bf6 47. Rf3 Re2+ 48. Kd5 Bb2 49. h4 Rg2 50. h5 Rg5+ 51. Kc6 Rxh5 52. Rf4 Ra5 53. Rf8 Ka7 54. Rf7+ Ka8 55. Kb6 1-0

[Event "Hessenliga 1819"]
[Site "Hessen"]
[Date "2019.02.17"]
[Round "6.1"]
[White "Schoenau, Werner"]
[Black "Stelzer, Harald"]
[Result "1/2-1/2"]
[WhiteElo "2216"]
[BlackElo "2183"]
[PlyCount "120"]
[EventDate "2018.09.23"]
[EventType "team-tourn"]
[EventRounds "9"]
[EventCountry "GER"]
[SourceTitle "EXT 2020"]
[Source "ChessBase"]
[SourceDate "2019.10.17"]
[SourceVersion "1"]
[SourceVersionDate "2019.10.17"]
[SourceQuality "1"]
[WhiteTeam "Dettingen"]
[BlackTeam "Bensheim"]
[WhiteTeamCountry "GER"]
[BlackTeamCountry "GER"]

1. c4 c5 2. e3 Nf6 3. b3 g6 4. Bb2 Bg7 5. Nf3 Nc6 6. a3 0-0 7. d3 Rb8 8. Nbd2 a6 9. Qc2 d6 10. h3 Bd7 11. g4 b5 12. g5 Nh5 13. Bxg7 Nxg7 14. Be2 Qa5 15. h4 bxc4 16. bxc4 Rb7 17. Kf1 Rfb8 18. Ra2 Bg4 19. Nh2 Bh3+ 20. Kg1 Qd8 21. Ng4 Bxg4 22. Bxg4 Ne5 23. Bh3 e6 24. f4 Nd7 25. Bg2 Rb6 26. Bf3 Qe7 27. h5 Nf5 28. Nf1 Rb1 29. Qf2 R8b3 30. Be4 Nf8 31. Kg2 Qc7 32. hxg6 fxg6 33. Nh2 Rxh1 34. Kxh1 Qa5 35. Ng4 Qc3 36. Qd2 Qxd2 37. Rxd2 Kg7 38. Bxf5 exf5 39. Nf6 Kf7 40. d4 Rxe3 41. dxc5 dxc5 42. Rd5 h6 43. Rxc5 hxg5 44. fxg5 Ne6 45. Ra5 Nxg5 46. Rxa6 Re2 47. Kg1 Rc2 48. Nd7 Nf3+ 49. Kf1 Ke7 50. Nb6 Kf7 51. Ra7+ Kf6 52. Nd5+ Kg5 53. Ne3 Ra2 54. Rg7 f4 55. Nd5 Kh6 56. Rf7 g5 57. Nxf4 Ne5 58. Rf6+ Kg7 59. Nh5+ Kh7 60. Rf5 Nxc4 1/2-1/2

[Event "Hessenliga 1819"]
[Site "Hessen"]
[Date "2019.02.03"]
[Round "5.1"]
[White "Schoenau, Werner"]
[Black "Karabalis, Harilos"]
[Result "1-0"]
[WhiteElo "2216"]
[BlackElo "2252"]
[PlyCount "113"]
[EventDate "2018.09.23"]
[EventType "team-tourn"]
[EventRounds "9"]
[EventCountry "GER"]
[SourceTitle "EXT 2020"]
[Source "ChessBase"]
[SourceDate "2019.10.17"]
[SourceVersion "1"]
[SourceVersionDate "2019.10.17"]
[SourceQuality "1"]
[WhiteTeam "Dettingen"]
[BlackTeam "Frankfurt BvK"]
[WhiteTeamCountry "GER"]
[BlackTeamCountry "GER"]

1. c4 g6 2. Nc3 Bg7 3. b4 c6 4. Bb2 d5 5. e3 Nf6 6. Nf3 0-0 7. h3 Nbd7 8. cxd5 Nxd5 9. Qb3 N7f6 10. g4 Nxc3 11. Bxc3 Qd5 12. Qxd5 Nxd5 13. Bxg7 Kxg7 14. a3 a5 15. b5 cxb5 16. Bxb5 Nc7 17. Bd3 b5 18. Ke2 Bb7 19. Rhc1 Rfc8 20. Nd4 Rab8 21. Nc6 Bxc6 22. Rxc6 Ne6 23. Rxc8 Rxc8 24. Bxb5 Rc2 25. Kd1 Rb2 26. Bc4 Ng5 27. Kc1 Rb8 28. Bf1 Rb3 29. Kc2 a4 30. Bg2 f5 31. gxf5 gxf5 32. Bc6 Nxh3 33. Bxa4 Rb6 34. Bd7 e6 35. f4 Nf2 36. a4 Ne4 37. a5 Rd6 38. d3 Nf6 39. Bb5 Nd5 40. Kd2 Nc7 41. Bc4 Kf6 42. a6 Rd8 43. Kc3 Ke7 44. Rh1 Rh8 45. Rh6 Kd6 46. Kd4 Ra8 47. e4 fxe4 48. dxe4 Rd8 49. Rxh7 e5+ 50. fxe5+ Kc6+ 51. Ke3 Ra8 52. Kf4 Rf8+ 53. Kg5 Na8 54. Bd5+ Kb6 55. a7 Nc7 56. Rxc7 Kxc7 57. a8Q 1-0

[Event "Hessenliga 1718"]
[Site "Hessen"]
[Date "2018.04.15"]
[Round "9.1"]
[White "Grabarczyk, Bogdan"]
[Black "Schoenau, Werner"]
[Result "0-1"]
[WhiteElo "2389"]
[BlackElo "2216"]
[PlyCount "72"]
[EventDate "2017.09.17"]
[EventType "team-tourn"]
[EventRounds "9"]
[EventCountry "GER"]
[SourceTitle "CBM 189 Extra"]
[Source "ChessBase"]
[SourceDate "2019.06.03"]
[SourceVersion "1"]
[SourceVersionDate "2019.06.03"]
[SourceQuality "1"]
[WhiteTeam "Griesheim II"]
[BlackTeam "Dettingen"]
[WhiteTeamCountry "GER"]
[BlackTeamCountry "GER"]

1. e4 c5 2. Nf3 e6 3. d4 cxd4 4. Nxd4 a6 5. c4 Nf6 6. Nc3 Qc7 7. Be2 b6 8. 0-0 Bb7 9. f3 h5 10. Kh1 h4 11. Be3 d6 12. Qd2 Nbd7 13. Rfc1 Be7 14. a4 Rc8 15. a5 bxa5 16. Nb3 Ne5 17. Nxa5 Ba8 18. b4 h3 19. g3 0-0 20. Qd1 d5 21. cxd5 Bxb4 22. Bxa6 Rcd8 23. Nb5 Qe7 24. Rc7 Rd7 25. d6 Rxd6 26. Nxd6 Qxc7 27. Nb5 Qd8 28. Nb7 Qe7 29. N5d6 Nxf3 30. Be2 Ne5 31. Qd4 Nc6 32. Qb6 Bxd6 33. Rxa8 Rxa8 34. Qxc6 Ra1+ 35. Bg1 Be5 36. Qb6 Nxe4 0-1

[Event "Hessenliga 1718"]
[Site "Hessen"]
[Date "2018.03.11"]
[Round "8.1"]
[White "Schoenau, Werner"]
[Black "Schupp, Tobias"]
[Result "1/2-1/2"]
[WhiteElo "2216"]
[BlackElo "2157"]
[PlyCount "107"]
[EventDate "2017.09.17"]
[EventType "team-tourn"]
[EventRounds "9"]
[EventCountry "GER"]
[SourceTitle "CBM 189 Extra"]
[Source "ChessBase"]
[SourceDate "2019.06.03"]
[SourceVersion "1"]
[SourceVersionDate "2019.06.03"]
[SourceQuality "1"]
[WhiteTeam "Dettingen"]
[BlackTeam "Niederbrechen"]
[WhiteTeamCountry "GER"]
[BlackTeamCountry "GER"]

1. g3 e5 2. Bg2 Nc6 3. c4 d6 4. Nc3 Be6 5. b3 Qd7 6. a3 Nf6 7. Nd5 Be7 8. e3 0-0 9. h3 Nd8 10. Ne2 c6 11. Nxe7+ Qxe7 12. Bb2 Bf5 13. 0-0 Bd3 14. f4 Ne4 15. Bxe4 Bxe4 16. d3 Bf5 17. g4 Bd7 18. fxe5 dxe5 19. Ng3 f6 20. d4 exd4 21. exd4 Qe3+ 22. Kg2 Ne6 23. Rf3 Qg5 24. Bc1 Qg6 25. Qd3 Qxd3 26. Rxd3 Rfd8 27. Be3 Be8 28. Rad1 Bg6 29. Nf5 Kf7 30. d5 cxd5 31. Rxd5 b6 32. Kf3 Rxd5 33. cxd5 Nc5 34. b4 Nd7 35. Rc1 Ne5+ 36. Ke4 Bxf5+ 37. gxf5 Re8 38. Rc7+ Kg8 39. Bf4 Nc4+ 40. Kd3 Nxa3 41. d6 Rd8 42. d7 Kf7 43. Rxa7 Nb5 44. Rb7 Ke7 45. Kc4 Nd6+ 46. Bxd6+ Kxd6 47. Kb5 Rxd7 48. Kxb6 g6 49. fxg6 hxg6 50. b5 f5 51. Rb8 Rh7 52. Rg8 Rxh3 53. Rxg6+ Ke5 54. Kc7 1/2-1/2

[Event "Hessenliga 1718"]
[Site "Hessen"]
[Date "2018.01.28"]
[Round "6.1"]
[White "Hankel, Dennis"]
[Black "Schoenau, Werner"]
[Result "0-1"]
[WhiteElo "2128"]
[BlackElo "2216"]
[PlyCount "100"]
[EventDate "2017.09.17"]
[EventType "team-tourn"]
[EventRounds "9"]
[EventCountry "GER"]
[SourceTitle "CBM 189 Extra"]
[Source "ChessBase"]
[SourceDate "2019.06.03"]
[SourceVersion "1"]
[SourceVersionDate "2019.06.03"]
[SourceQuality "1"]
[WhiteTeam "Neuberg II"]
[BlackTeam "Dettingen"]
[WhiteTeamCountry "GER"]
[BlackTeamCountry "GER"]

1. d4 c5 2. d5 e5 3. Nc3 Bd6 4. e4 Nf6 5. Be3 a6 6. a4 Qe7 7. Nf3 Bc7 8. a5 d6 9. Nd2 Ng4 10. Nc4 Nxe3 11. Nxe3 h5 12. Be2 h4 13. Bg4 Nd7 14. Qf3 Qg5 15. Qh3 Kd8 16. 0-0 Nf6 17. Bxc8 Rxc8 18. Qf5 Rh5 19. Qxg5 Rxg5 20. f4 exf4 21. Rxf4 h3 22. g3 Kd7 23. Nc4 Re8 24. Raf1 Re7 25. Rh4 Rg4 26. Rxg4 Nxg4 27. e5 Nxe5 28. Nxe5+ Rxe5 29. Rxf7+ Re7 30. Rxe7+ Kxe7 31. Ne4 Bxa5 32. Kf2 c4 33. Kf3 b5 34. Kg4 Be1 35. Kf3 Bb4 36. Nf2 a5 37. Ke2 a4 38. Kd1 Bc5 39. Nxh3 c3 40. Kc1 Be3+ 41. Kb1 g5 42. bxc3 Kf6 43. Kb2 Ke5 44. c4 bxc4 45. Ka3 Kxd5 46. Kxa4 Kd4 47. Kb4 d5 48. g4 Ke5 49. Kb5 Ke4 50. Kb4 Kd4 0-1

[Event "Hessenliga 1718"]
[Site "Hessen"]
[Date "2017.09.17"]
[Round "1.1"]
[White "Goreacinic, Dmitri"]
[Black "Schoenau, Werner"]
[Result "1-0"]
[WhiteElo "2276"]
[BlackElo "2216"]
[PlyCount "55"]
[EventDate "2017.09.17"]
[EventType "team-tourn"]
[EventRounds "9"]
[EventCountry "GER"]
[SourceTitle "CBM 189 Extra"]
[Source "ChessBase"]
[SourceDate "2019.06.03"]
[SourceVersion "1"]
[SourceVersionDate "2019.06.03"]
[SourceQuality "1"]
[WhiteTeam "Offenbach"]
[BlackTeam "Dettingen"]
[WhiteTeamCountry "GER"]
[BlackTeamCountry "GER"]

1. d4 Nf6 2. c4 g6 3. Nc3 d5 4. cxd5 Nxd5 5. e4 Nxc3 6. bxc3 Bg7 7. Nf3 c5 8. Be3 Qa5 9. Qd2 Nc6 10. Rb1 a6 11. Rc1 cxd4 12. cxd4 Qxd2+ 13. Kxd2 Bg4 14. d5 Bxf3 15. gxf3 Nd4 16. f4 Rd8 17. Bg2 Kd7 18. Rc4 Nb5 19. Rhc1 e6 20. a4 exd5 21. exd5 Nd6 22. Rc7+ Ke8 23. Bc5 Bh6 24. Re1+ Kf8 25. Rxb7 Bxf4+ 26. Kd3 Kg7 27. Rb6 Rhe8 28. Rxd6 1-0

[Event "Hessenliga 1617"]
[Site "Hessen"]
[Date "2016.12.11"]
[Round "4.1"]
[White "Derichs, Roger"]
[Black "Schoenau, Werner"]
[Result "1-0"]
[WhiteElo "2295"]
[BlackElo "2216"]
[PlyCount "65"]
[EventDate "2016.09.18"]
[EventType "team-tourn"]
[EventRounds "9"]
[EventCountry "GER"]
[SourceTitle "EXT 2018"]
[Source "ChessBase"]
[SourceDate "2017.10.13"]
[SourceVersion "1"]
[SourceVersionDate "2017.10.13"]
[SourceQuality "1"]
[WhiteTeam "Giessen"]
[BlackTeam "Dettingen"]
[WhiteTeamCountry "GER"]
[BlackTeamCountry "GER"]

1. Nf3 Nf6 2. c4 g6 3. b4 Bg7 4. Bb2 0-0 5. g3 b6 6. Bg2 Bb7 7. 0-0 c5 8. bxc5 bxc5 9. d3 Nc6 10. Nc3 Rb8 11. Rb1 Ba8 12. Nd2 e6 13. Qa4 Rb4 14. Qd1 a6 15. a3 Rb8 16. Qa4 Rb6 17. Ba1 Rxb1 18. Rxb1 Ng4 19. Qxa6 f5 20. Nb5 Bh6 21. Nf3 f4 22. Nd6 fxg3 23. hxg3 Qe7 24. Ne4 d5 25. Nc3 Nxf2 26. Kxf2 Ne5 27. Nd1 d4 28. Rb6 Ng4+ 29. Kg1 Bxf3 30. exf3 Be3+ 31. Nxe3 Nxe3 32. f4 g5 33. Rxe6 1-0

[Event "Hessenliga 1617"]
[Site "Hessen"]
[Date "2016.10.09"]
[Round "2.1"]
[White "Cordes, Hans Joerg"]
[Black "Schoenau, Werner"]
[Result "1/2-1/2"]
[WhiteElo "2244"]
[BlackElo "2216"]
[PlyCount "82"]
[EventDate "2016.09.18"]
[EventType "team-tourn"]
[EventRounds "9"]
[EventCountry "GER"]
[SourceTitle "EXT 2018"]
[Source "ChessBase"]
[SourceDate "2017.10.13"]
[SourceVersion "1"]
[SourceVersionDate "2017.10.13"]
[SourceQuality "1"]
[WhiteTeam "Offenbach"]
[BlackTeam "Dettingen"]
[WhiteTeamCountry "GER"]
[BlackTeamCountry "GER"]

1. d4 Nf6 2. c4 g6 3. Nc3 d5 4. cxd5 Nxd5 5. e4 Nxc3 6. bxc3 Bg7 7. Bc4 c5 8. Ne2 0-0 9. 0-0 cxd4 10. cxd4 Nc6 11. Be3 Bg4 12. f3 Bd7 13. Rb1 Rc8 14. Bd3 Na5 15. Rb4 a6 16. a4 e6 17. Qd2 Qe7 18. Rfb1 Rfd8 19. d5 exd5 20. Bb6 Re8 21. exd5 Qd6 22. Qa2 Re5 23. Bxa5 Qc5+ 24. Kf1 Qxa5 25. Rxb7 Rxd5 26. Bc4 Rd2 27. Bxf7+ Kh8 28. Qb3 Bxa4 29. Qb4 Qxb4 30. R1xb4 Bb5 31. R7xb5 axb5 32. Rxb5 Bd4 33. Ke1 Be3 34. Rb3 Bh6 35. f4 Rcc2 36. Re3 g5 37. f5 g4 38. Re6 Kg7 39. Bh5 Rxe2+ 40. Rxe2 Rxe2+ 41. Kxe2 g3 1/2-1/2

[Event "Hessenliga 1516"]
[Site "Germany"]
[Date "2016.01.17"]
[Round "5.1"]
[White "Schoenau, Werner"]
[Black "Jankovic, Alojzije"]
[Result "1-0"]
[WhiteElo "2216"]
[BlackElo "2548"]
[PlyCount "65"]
[EventDate "2015.09.27"]
[EventType "team-tourn"]
[EventRounds "9"]
[EventCountry "GER"]
[SourceTitle "EXT 2018"]
[Source "ChessBase"]
[SourceDate "2017.10.13"]
[SourceVersion "1"]
[SourceVersionDate "2017.10.13"]
[SourceQuality "1"]
[WhiteTeam "Dettingen"]
[BlackTeam "Gelnhausen"]
[WhiteTeamCountry "GER"]
[BlackTeamCountry "GER"]

1. g3 d5 2. Bg2 g6 3. f4 Bg7 4. Nf3 c6 5. d3 Nd7 6. e4 dxe4 7. dxe4 Qb6 8. Nc3 e5 9. Qe2 exf4 10. gxf4 Ngf6 11. Bd2 Qxb2 12. Rb1 Qa3 13. e5 Nh5 14. Rb3 Qe7 15. Ne4 0-0 16. 0-0 Rd8 17. Qf2 b6 18. Nd4 Bb7 19. Rh3 c5 20. Nb5 Nf8 21. Nbd6 Ba6 22. Re1 Rab8 23. Bf3 Qd7 24. Qg2 f5 25. Ng5 Re8 26. Bc6 Nxf4 27. Bxf4 Qxd6 28. Bd5+ Qe6 29. Nxe6 Nxe6 30. Ra3 Bb7 31. Rxa7 Bxd5 32. Qxd5 Kf8 33. Qd7 1-0

[Event "Hessenliga 1516"]
[Site "Germany"]
[Date "2015.11.22"]
[Round "3.1"]
[White "Schoenau, Werner"]
[Black "Mueller, Maximilian"]
[Result "1/2-1/2"]
[WhiteElo "2216"]
[BlackElo "2275"]
[PlyCount "80"]
[EventDate "2015.09.27"]
[EventType "team-tourn"]
[EventRounds "9"]
[EventCountry "GER"]
[SourceTitle "EXT 2018"]
[Source "ChessBase"]
[SourceDate "2017.10.13"]
[SourceVersion "1"]
[SourceVersionDate "2017.10.13"]
[SourceQuality "1"]
[WhiteTeam "Dettingen"]
[BlackTeam "Gernsheim"]
[WhiteTeamCountry "GER"]
[BlackTeamCountry "GER"]

1. g3 e5 2. Bg2 Nc6 3. d3 f5 4. e4 fxe4 5. dxe4 Bc5 6. c3 d6 7. Nd2 Be6 8. b4 Bb6 9. Ngf3 a6 10. Qe2 Qf6 11. Nc4 Ba7 12. 0-0 Nge7 13. Ng5 Bg8 14. Kh1 h6 15. Nh3 Be6 16. f4 Qf7 17. Nb2 Qg8 18. a4 a5 19. b5 Nd8 20. fxe5 dxe5 21. Nf2 Nf7 22. Nfd3 h5 23. Be3 Bxe3 24. Qxe3 h4 25. Nc5 Bc8 26. Nc4 b6 27. Nd3 Ng6 28. Rf5 Be6 29. Ncxe5 Ngxe5 30. Nxe5 h3 31. Bf3 Bxf5 32. exf5 0-0-0 33. Ng6 Re8 34. Ne7+ Kd8 35. Qe4 Nd6 36. Rd1 Qb3 37. Nc6+ Kc8 38. Na7+ Kd8 39. Nc6+ Kc8 40. Na7+ Kd8 1/2-1/2

[Event "Hessenliga 1415"]
[Site "Hessen"]
[Date "2015.02.08"]
[Round "6.1"]
[White "Sroka, Dirk"]
[Black "Schoenau, Werner"]
[Result "1/2-1/2"]
[WhiteElo "2090"]
[BlackElo "2216"]
[PlyCount "60"]
[EventDate "2014.09.28"]
[EventType "team-tourn"]
[EventRounds "9"]
[EventCountry "GER"]
[SourceTitle "EXT 2016"]
[Source "ChessBase"]
[SourceDate "2015.10.08"]
[SourceVersion "1"]
[SourceVersionDate "2015.10.08"]
[SourceQuality "1"]
[WhiteTeam "Gelnhausen"]
[BlackTeam "Dettingen"]
[WhiteTeamCountry "GER"]
[BlackTeamCountry "GER"]

1. c4 Nf6 2. g3 c6 3. Bg2 d5 4. Nf3 g6 5. b3 Bg7 6. Bb2 0-0 7. 0-0 b5 8. d3 Nbd7 9. Nbd2 Re8 10. Ne5 Nxe5 11. Bxe5 Bh6 12. cxb5 Qa5 13. Bf4 Bxf4 14. gxf4 Qxb5 15. Nf3 c5 16. Qd2 Bb7 17. d4 Ne4 18. Qe3 Rac8 19. Rfc1 cxd4 20. Nxd4 Qb4 21. a3 Rxc1+ 22. Rxc1 Qxa3 23. Nb5 Qa5 24. Bxe4 Qxb5 25. Bg2 d4 26. Qe5 Qxe5 27. fxe5 Bxg2 28. Kxg2 Rb8 29. Rc7 Rxb3 30. Rxa7 e6 1/2-1/2

[Event "Hessenliga 1112"]
[Site "Germany"]
[Date "2012.05.13"]
[Round "9.1"]
[White "Schoenau, Werner"]
[Black "Ugolik, Witaly"]
[Result "0-1"]
[WhiteElo "2216"]
[BlackElo "2246"]
[PlyCount "159"]
[EventDate "2011.09.25"]
[EventType "team-tourn"]
[EventRounds "9"]
[EventCountry "GER"]
[SourceTitle "EXT 2013"]
[Source "ChessBase"]
[SourceDate "2012.11.22"]
[SourceVersion "1"]
[SourceVersionDate "2012.11.22"]
[SourceQuality "1"]
[WhiteTeam "Dettingen"]
[BlackTeam "Fulda"]
[WhiteTeamCountry "GER"]
[BlackTeamCountry "GER"]

1. g3 c5 2. Bg2 d5 3. d3 e6 4. Nd2 Nf6 5. e4 Nc6 6. Ngf3 Be7 7. 0-0 b6 8. Re1 Bb7 9. c3 Qc7 10. a3 a5 11. b3 0-0 12. e5 Nd7 13. d4 b5 14. Bb2 Nb6 15. Rc1 a4 16. c4 bxc4 17. bxc4 Na5 18. cxd5 Bxd5 19. dxc5 Nbc4 20. Bd4 Nxa3 21. Ne4 Bxe4 22. Rxe4 Nb3 23. Rg4 Rfd8 24. Rc3 Nb5 25. Rd3 Rac8 26. Be3 Bxc5 27. Rxa4 Bxe3 28. Qxb3 Rxd3 29. Qxd3 Nc3 30. Rh4 Bh6 31. h3 Nd5 32. Qe4 Ne7 33. Nd4 Ng6 34. Rh5 Bd2 35. Nc6 Qb6 36. Qe2 Bc3 37. Qe4 Qc5 38. Rg5 Ba5 39. h4 Bb6 40. h5 Ne7 41. Nxe7+ Qxe7 42. Qh4 Bd8 43. Qa4 Bc7 44. Qg4 g6 45. hxg6 hxg6 46. Be4 Bd8 47. Rh5 Rc4 48. Rh6 Bc7 49. Qe2 Rc1+ 50. Kh2 Qg5 51. Rh3 Qxe5 52. Qd2 Qc5 53. Kg2 Bb6 54. g4 Rc4 55. Re3 Qg5 56. Qe2 Bxe3 57. Qxc4 Qxg4+ 58. Kf1 Qf4 59. f3 Qh2 60. Qc2 Qg1+ 61. Ke2 Bd4 62. Kd3 Qe3+ 63. Kc4 Bf6 64. Kb5 Kg7 65. Kc6 Qa7 66. Kb5 Qb8+ 67. Kc4 Qc7+ 68. Kd3 Qd6+ 69. Ke2 Bd4 70. Qc6 Qe5 71. Kd3 f5 72. Qd7+ Kh6 73. Bc6 Qe3+ 74. Kc4 Qc3+ 75. Kb5 Bc5 76. Ka6 Qb4 77. Bb5 e5 78. Qd3 Kg5 79. Kb7 Kf4 80. Kc6 0-1

[Event "Hessenliga 1112"]
[Site "Germany"]
[Date "2011.11.06"]
[Round "3.1"]
[White "Alber, Horst"]
[Black "Schoenau, Werner"]
[Result "1/2-1/2"]
[WhiteElo "2340"]
[BlackElo "2216"]
[PlyCount "128"]
[EventDate "2011.09.25"]
[EventType "team-tourn"]
[EventRounds "9"]
[EventCountry "GER"]
[SourceTitle "EXT 2013"]
[Source "ChessBase"]
[SourceDate "2012.11.22"]
[SourceVersion "1"]
[SourceVersionDate "2012.11.22"]
[SourceQuality "1"]
[WhiteTeam "Marburg"]
[BlackTeam "Dettingen"]
[WhiteTeamCountry "GER"]
[BlackTeamCountry "GER"]

1. d4 Nf6 2. c4 g6 3. Nc3 d5 4. Nf3 Bg7 5. Bg5 Ne4 6. Bh4 Nxc3 7. bxc3 c5 8. e3 Qa5 9. Qd2 e6 10. Rb1 a6 11. cxd5 exd5 12. Be2 c4 13. e4 0-0 14. exd5 Qxd5 15. 0-0 Bf5 16. Rb2 b5 17. Ne5 f6 18. Ng4 Nc6 19. Ne3 Qd7 20. a4 Na5 21. axb5 axb5 22. Nxf5 Qxf5 23. Bf3 Rac8 24. Bg3 Nb3 25. Qd1 h5 26. Re2 Qd7 27. Rfe1 Rfe8 28. Bd5+ Kh7 29. Be6 Rxe6 30. Rxe6 b4 31. Qf3 bxc3 32. Rd6 Re8 33. Qxc3 Rxe1+ 34. Qxe1 Qf5 35. h3 Qd3 36. Rd7 Nd2 37. Bf4 c3 38. d5 Qf5 39. Rxg7+ Kxg7 40. Bxd2 cxd2 41. Qxd2 Kf7 42. Qd4 Qe5 43. Qa7+ Qe7 44. Qa5 h4 45. Kf1 g5 46. Qb5 Qc7 47. Qd3 Qe5 48. Qh7+ Ke8 49. Qb7 Qd4 50. Qc8+ Kf7 51. Qe6+ Kg6 52. Kg1 Qc4 53. Qc6 Qe4 54. Kf1 Qd3+ 55. Ke1 Qe4+ 56. Kf1 Qd3+ 57. Kg1 Qe4 58. Qc5 Qe1+ 59. Kh2 Qe5+ 60. g3 hxg3+ 61. fxg3 Qe2+ 62. Kg1 Qe1+ 63. Kg2 Qd2+ 64. Kf3 Qd3+ 1/2-1/2

[Event "Hessenliga 0910"]
[Site "Germany"]
[Date "2010.01.31"]
[Round "6.1"]
[White "Schoenau, Werner"]
[Black "Elstner, Eik"]
[Result "1-0"]
[WhiteElo "2216"]
[BlackElo "2170"]
[PlyCount "73"]
[EventDate "2009.09.20"]
[EventType "team-tourn"]
[EventRounds "9"]
[EventCountry "GER"]
[SourceTitle "EXT 2011"]
[Source "ChessBase"]
[SourceDate "2010.11.26"]
[SourceVersion "1"]
[SourceVersionDate "2010.11.26"]
[SourceQuality "1"]
[WhiteTeam "Dettingen"]
[BlackTeam "Eppstein"]
[WhiteTeamCountry "GER"]
[BlackTeamCountry "GER"]

1. g3 d5 2. Bg2 Nf6 3. d3 c5 4. Nd2 Nc6 5. e4 dxe4 6. dxe4 e5 7. Ngf3 Be7 8. 0-0 Bg4 9. c3 Qd7 10. Re1 h5 11. h4 0-0 12. Qc2 b5 13. a4 a6 14. Nf1 c4 15. Ne3 Bc5 16. Nd5 Nxe4 17. Qxe4 Bf5 18. Qe2 Bd3 19. Qd1 e4 20. Ng5 Qxd5 21. Qxh5 Qf5 22. Be3 Be7 23. Bh3 Qg6 24. Qxg6 fxg6 25. Be6+ Kh8 26. Bd5 Rac8 27. axb5 axb5 28. Kg2 b4 29. Ra6 Ne5 30. Bd4 Ng4 31. Ne6 Nf6 32. Nxf8 Rxf8 33. Be6 Ne8 34. Rc6 bxc3 35. bxc3 Nd6 36. h5 g5 37. h6 1-0

[Event "Hessenliga 0809"]
[Site "Germany"]
[Date "2009.03.08"]
[Round "9.1"]
[White "Beha, Alfred"]
[Black "Schoenau, Werner"]
[Result "1/2-1/2"]
[WhiteElo "2193"]
[BlackElo "2214"]
[PlyCount "22"]
[EventDate "2008.09.14"]
[EventType "team-tourn"]
[EventRounds "9"]
[EventCountry "GER"]
[SourceTitle "EXT 2011"]
[Source "ChessBase"]
[SourceDate "2010.11.26"]
[SourceVersion "1"]
[SourceVersionDate "2010.11.26"]
[SourceQuality "1"]
[WhiteTeam "Frankfurt BvK II"]
[BlackTeam "Dettingen"]
[WhiteTeamCountry "GER"]
[BlackTeamCountry "GER"]

1. d4 Nf6 2. c4 g6 3. Nc3 d5 4. cxd5 Nxd5 5. e4 Nxc3 6. bxc3 Bg7 7. Bg5 c5 8. Rc1 Qa5 9. Qd2 cxd4 10. cxd4 Qxd2+ 11. Kxd2 Nd7 1/2-1/2

[Event "Hessenliga 0506"]
[Site "Germany"]
[Date "2006.03.19"]
[Round "10.1"]
[White "Rapoport, Vladimir"]
[Black "Schoenau, Werner"]
[Result "1/2-1/2"]
[WhiteElo "2254"]
[BlackElo "2235"]
[PlyCount "32"]
[EventDate "2005.09.11"]
[EventType "team"]
[EventRounds "11"]
[EventCountry "GER"]
[SourceTitle "EXT 2007"]
[Source "ChessBase"]
[SourceDate "2006.11.23"]
[SourceVersion "1"]
[SourceVersionDate "2006.11.23"]
[SourceQuality "1"]
[WhiteTeam "Oberursel II"]
[BlackTeam "Dettingen"]
[WhiteTeamCountry "GER"]
[BlackTeamCountry "GER"]

1. Nf3 Nf6 2. c4 g6 3. Nc3 d5 4. cxd5 Nxd5 5. e3 Bg7 6. Qb3 Nb6 7. d4 0-0 8. Be2 Be6 9. Qd1 Nc6 10. 0-0 h6 11. Ne4 Bd5 12. Nc5 Qc8 13. e4 Bc4 14. d5 Nd8 15. Bxc4 Nxc4 16. Qe2 Nb6 1/2-1/2

[Event "Hessenliga 0506"]
[Site "Germany"]
[Date "2006.02.12"]
[Round "8.1"]
[White "Nazarenus, Moritz"]
[Black "Schoenau, Werner"]
[Result "0-1"]
[WhiteElo "2185"]
[BlackElo "2235"]
[PlyCount "64"]
[EventDate "2005.09.11"]
[EventType "team"]
[EventRounds "11"]
[EventCountry "GER"]
[SourceTitle "EXT 2007"]
[Source "ChessBase"]
[SourceDate "2006.11.23"]
[SourceVersion "1"]
[SourceVersionDate "2006.11.23"]
[SourceQuality "1"]
[WhiteTeam "Schoeneck II"]
[BlackTeam "Dettingen"]
[WhiteTeamCountry "GER"]
[BlackTeamCountry "GER"]

1. d4 Nf6 2. c4 g6 3. Nc3 d5 4. cxd5 Nxd5 5. e4 Nxc3 6. bxc3 Bg7 7. Be3 c5 8. Qd2 Qa5 9. Nf3 Nc6 10. Rc1 cxd4 11. cxd4 Qxd2+ 12. Kxd2 0-0 13. d5 Rd8 14. Ke1 Nb4 15. Bd2 Na6 16. Bb5 e6 17. Bg5 f6 18. Be3 exd5 19. exd5 Kh8 20. Ke2 Rxd5 21. Bc4 Rd8 22. Rhd1 Bd7 23. Nd4 Nc5 24. h4 Ba4 25. Rh1 f5 26. Nf3 Ne4 27. h5 Rac8 28. Bd3 Nc3+ 29. Kd2 Bb5 30. Ne1 Ne4+ 31. Ke2 Rxc1 32. Bxc1 Bxd3+ 0-1